Can You Name the DSM-IV Diagnoses? Quiz Stats

Quiz not verified by Sporcle

Challenge
Share
Tweet
Embed
Score 0/200 Timer 10:00
0 Plays Today
Code Diagnosis % Correct
296.80Bipolar Disorder NOS
84.8%
295.90Schizophrenia
83.2%
300.3Obsessive-Compulsive Disorder
72.6%
301.Borderline Personality Disorder
72.1%
299.00Autistic Disorder
65%
296.3Major Depressive Disorder, Recurrent, Unspecified
64%
296.2Major Depressive Disorder, Single Episode, Unspecified
64%
307.1Anorexia Nervosa
63.5%
307.51Bulimia Nervosa
59.9%
314.9Attention-DeficitHyperactivity Disorder NOS
59.4%
299.80Asperger's Disorder
58.9%
300.02Generalized Anxiety Disorder
58.9%
301.7Antisocial Personality Disorder
57.4%
301.81Narcissistic Personality Disorder
56.3%
300.21/300.01Panic Disorder
51.8%
309.81Posttraumatic Stress Disorder
50.8%
301.20Schizoid Personality Disorder
50.3%
301.5Histrionic Personality Disorder
49.7%
301.4Obsessive Compulsive Personality Disorder
45.2%
301.22Schizotypal Personality Disorder
45.2%
300.29Specific Phobia
43.1%
305.00Alcohol Abuse
42.6%
301.1Paranoid Personality Disorder
40.1%
303.90Alcohol Dependence
37.6%
307.50Eating Disorder NOS
37.1%
301.82Avoidant Personality Disorder
36.5%
294.8Dementia NOS
35.5%
300.4Dysthymic Disorder
35%
301.6Dependent Personality Disorder
34.5%
300.23Social Phobia
34.5%
312.82Conduct Disorder, Adolescent Onset Type
34%
312.81Conduct Disorder, Childhood Onset Type
34%
295.70Schizoaffective Disorder
32%
300.14Dissociative Identity Disorder
31.5%
302.6Gender Identity Disorder NOS
29.9%
319Mental Retardation, Severity Unspecified
29.4%
313.81Oppositional Defiant Disorder
29.4%
291.81Alcohol Withdrawal
28.9%
327.02Insomnia
28.9%
300.00Anxiety Disorder NOS
27.9%
300.7Hypochondriasis
27.4%
309.9Adjustment Disorder Unspecified
26.9%
300.11Conversion Disorder
26.9%
311Depressive Disorder NOS
25.4%
302.82Voyeurism
25.4%
312.39Trichotillomania
25.4%
300.13Dissociative Fugue
24.9%
304.40Amphetamine Dependence
24.4%
303.00Alcohol Intoxication
23.9%
305.70Amphetamine Abuse
23.9%
305.60Cocaine Abuse
23.9%
304.20Cocaine Dependence
23.9%
305.50Opioid Abuse
23.9%
304.00Opioid Dependence
23.4%
308.3Acute Stress Disorder
22.8%
305.20Cannabis Abuse
22.8%
300.7Body Dysmorphic Disorder
22.3%
296.90Mood Disorder NOS
22.3%
301.13Cyclothymic Disorder
21.8%
302.4Exhibitionism
21.8%
304.30Cannabis Dependence
21.3%
780.09Delirium NOS
21.3%
292.89Amphetamine Intoxication
19.3%
292.0Amphetamine Withdrawal
19.3%
305.30Hallucinogen Abuse
19.3%
347.00Narcolepsy
19.3%
292Opioid Withdrawal
19.3%
Code Diagnosis % Correct
302.2Pedophilia
19.3%
292Cocaine Withdrawal
18.8%
304.50Hallucinogen Dependence
18.8%
327.15Hypersomnia
18.8%
305.10Nicotine Dependence
18.8%
300.12Dissociative Amnesia
18.3%
307.23Tourette's Disorder
18.3%
292.89Opioid Intoxication
17.8%
301.9Personality Disorder NOS
17.8%
292.89Cannabis Intoxication
17.3%
307.6Enuresis
17.3%
292.89Cocaine Intoxication
16.8%
297.1Delusional Disorder
16.8%
312.34Intermittent Explosive Disorder
16.8%
292Nicotine Withdrawal
16.8%
307.80Pain Disorder Associated With Psychological Factors
16.8%
312.32Kleptomania
16.2%
307.47Nightmare Disorder
16.2%
295.40Schizophreniform Disorder
16.2%
300.15Dissociative Disorder NOS
15.7%
307.52Pica
15.7%
302.89Frotteurism
15.2%
292.89Hallucinogen Intoxication
14.7%
305.90Inhalant Abuse
14.7%
787.6Encopresis
14.2%
302.81Fetishism
14.2%
298.9Psychotic Disorder NOS
13.7%
312.33Pyromania
13.7%
299.80Rett's Disorder
13.7%
304.60Inhalant Dependence
13.2%
V62.3Academic Problem
12.7%
315.9Learning Disorder NOS
12.7%
309.21Separation Anxiety Disorder
12.7%
300.6Depersonalization Disorder
12.2%
302.73Female Orgasmic Disorder
12.2%
299.80Pervasive Developmental Disorder NOS
11.7%
315.00Reading Disorder
11.7%
305.90Caffeine Intoxication
11.2%
302.9Paraphilia NOS
11.2%
313.23Selective Mutism
11.2%
292.89Inhalant Intoxication
10.7%
302.74Male Orgasmic Disorder
10.7%
317Mild Mental Retardation
10.2%
300.81Somatization Disorder
9.6%
300.19Factitious Disorder NOS
9.1%
318.1Severe Mental Retardation
9.1%
292.81Amphetamine Intoxication Delirium
8.6%
307.47Parasomnia NOS
8.6%
307.46Sleepwalking Disorder
8.6%
292.81Hallucinogen Intoxication Delirium
8.1%
292.9Hallucinogen-Related Disorder NOS
8.1%
318.0Moderate Mental Retardation
8.1%
302.75Premature Ejaculation
8.1%
307.46Sleep Terror Disorder
8.1%
291.9Alcohol-Related Disorder NOS
7.6%
292.81Cannabis Intoxication Delirium
7.6%
292.81Cocaine Intoxication Delirium
7.6%
315.1Mathematics Disorder
7.6%
292.81Opioid Intoxication Delirium
7.6%
307.20Tic Disorder NOS
7.6%
292.9Amphetamine-Related Disorder NOS
7.1%
298.8Brief Psychotic Disorder
7.1%
299.10Childhood Disintegrative Disorder
7.1%
292.81Inhalant Intoxication Delirium
7.1%
292.2Opioid-Related Disorder NOS
7.1%
292.2Cannabis-Related Disorder NOS
6.6%
292.9Cocaine-Related Disorder NOS
6.6%
Code Diagnosis % Correct
294.8Amnestic Disorder NOS
6.1%
315.4Developmental Coordination Disorder
6.1%
292.89Hallucinogen Persisting Perception Disorder
6.1%
292.9Inhalant-Related Disorder NOS
6.1%
V62.2Occupational Problem
6.1%
318.2Profound Mental Retardation
6.1%
297.3Shared Psychotic Disorder
6.1%
292.9Caffeine-Related Disorder NOS
5.6%
V65.2Malingering
5.6%
V62.4Acculturation Problem
4.6%
V62.89Religious or Spiritual Problem
4.6%
302.70Sexual Dysfunction NOS
4.6%
V62.82Bereavement
4.1%
V62.89Borderline Intellectual Functioning
4.1%
312.9Disruptive Behavior Disorder NOS
3.6%
V61.21Neglect of Child
3.6%
V61.20Parent-Child Relational Problem
3.6%
307.44Primary Hypersomnia
3.6%
307.42Primary Insomnia
3.6%
307.53Rumination Disorder
3.6%
302.9Sexual Disorder NOS
3.6%
294.9Cognitive Disorder NOS
3%
302.72Male Erectile Disorder
3%
292.9Nicotine-Related Disorder NOS
3%
300.22Agoraphobia Without History of Panic Disorder
2.5%
314.01Attention-DeficitHyperactivity Disorder, Combined Type
2.5%
315.2Disorder of Written Expression
2.5%
312.30Impulse-Control Disorder NOS
2.5%
V61.10Partner Relational Problem
2.5%
302.79Sexual Aversion Disorder
2.5%
302.76Dyspareunia
2%
315.31Expressive Language Disorder
2%
302.71Hypoactive Sexual Desire Disorder
2%
304.80Polysubstance Dependence
2%
V62.81Relational Problem NOS
2%
307.9Communication Disorder NOS
1.5%
307.59Feeding Disorder of Infancy or Early Childhood
1.5%
625.8Female Hypoactive Sexual Desire Disorder
1.5%
302.72Female Sexual Arousal Disorder
1.5%
608.89Male Hypoactive Sexual Desire Disorder
1.5%
333.90Medication-Induced Movement Disorder NOS
1.5%
293.9Mental Disorder NOS
1.5%
315.32Mixed Receptive-Expressive Language Disorder
1.5%
312.31Pathological Gambling
1.5%
V62.89Phase of Life Problem
1.5%
V61.8Sibling Relational Problem
1.5%
995.2Adverse Effects of Medication NOS
1%
780.93Age-Related Cognitive Decline
1%
780.57Breathing-Related Sleep Disorder
1%
307.22Chronic Motor or Vocal Tic Disorder
1%
313.82Identity Problem
1%
305.9Phencyclidine Abuse
1%
304.60Phencyclidine Dependence
1%
307.3Stereotypic Movement Disorder
1%
V71.Child or Adolescent Antisocial Behavior
0.5%
327.30Circadian Rhythm Sleep Disorder, Unspecified Type
0.5%
313.9Disorder of Infancy, Childhood, or Adolescence NOS
0.5%
307.47Dyssomnia NOS
0.5%
292.89Phencyclidine Intoxication
0.5%
315.39Phonological Disorder
0.5%
307.21Transient Tic Disorder
0.5%
625.0Female Dyspareunia
0%
608.89Male Dyspareunia
0%
333.1Medication-Induced Postural Tremor
0%
333.92Neuroleptic Malignant Syndrome
0%
292.9Phencyclidine-Related Disorder NOS
0%

You're not logged in!

Compare scores with friends on all Sporcle quizzes.
Sign Up with Email
OR
Log In

You Might Also Like...

Show Comments

Extras

Top Quizzes Today


Score Distribution

Your Account Isn't Verified!

In order to create a playlist on Sporcle, you need to verify the email address you used during registration. Go to your Sporcle Settings to finish the process.

Report this User

Report this user for behavior that violates our Community Guidelines.

Details: